Loading...

Notes on murder in the cathedral /

Bibliographic Details
Main Author: Eliot, T S .
Format: Printed Book
Published: London : Longman.
Subjects:
LEADER 00419cam a2200133ua 4500
082 1 4 |a 822.8 ELI  |b ELI-M 
100 1 |a Eliot, T S . 
245 1 0 |a Notes on murder in the cathedral /  
260 |a London :   |b Longman. 
300 |a 80p.;  
650 0 |a English drama 
942 |c BK 
999 |c 29597  |d 29597 
952 |0 0  |1 0  |4 0  |6 822_000000000000000_8ELI_ELIM  |7 0  |9 37930  |a KU  |b KU  |d 2015-07-05  |l 7  |o 822.8ELI ELI-M  |p EN10869  |r 2019-11-29  |s 2019-11-06  |y BK